000 00407nam a2200145Ia 4500
008 220217s9999||||xx |||||||||||||| ||und||
020 _a0-07-048677-8
082 _a006.6 ROG
100 _aRogers, David F and Adams, Alan J
_93433
245 0 _aMathematical elements for computer graphics
250 _a2nd
260 _aTata mcgraw hill
_bNew Delhi
_c2002
300 _b250
650 _aMULTIMEDIA
999 _c171901
_d171901